000 00270nam a22001217a 4500
008 190223b xxu||||| |||| 00| 0 eng d
041 _aeng
080 _a371
100 _a25
101 _aEDU
245 _aDiscussion and Group Methods
_cBormann, E.G
942 _2udc
_cBK
999 _c54155
_d54155